00921 a2200181 45000010006000000050017000060080041000230030015000640400040000790800125001192450123002440200022003672640033003893000025004225050189004470410008006368560095006446129420260407155903.0260407a2021 arg spa dAR-UNSa-BCEJYS aAR-UNSa-BCEJYSbspacAR-UNSa-BCEJYS a658.012.2xPlanificación. Programas. Planes. Medidas de apoyo a la planificación( Administración estratégica...)10aCómo crear un plan de negociopPresenta tu idea claramente. Proyecta riesgos y recompensas. Consigue la aprobación a978-84-17963-22-4 1aBarcelona :bRevertéc2021 aviii, 135 p.c18 cm. a1. ¿Por qué es necesario redactar un plan de negocio? - 2. Describe la oportunidad – 3. Presenta tu equipo – 4. Saca tu producto al mercado -. 5. Proyecta riesgos y beneficios. aspa41uhttps://biblioeco.unsa.edu.ar/pmb/images/libros/L129327.jpgyImagen de portadaqimage/jpeg